000 00464pab a2200157 454500
008 180718b2003 xxu||||| |||| 00| 0 eng d
100 _aJain, Randhir B.
245 _aImplementing party reforms in South Asia: challenges and strategies
260 _c2003
300 _ap.1-23.
362 _aJan-Dec
650 _aPolitical parties - South Asia
650 _aPolitical parties
773 _aJournal of Constitutional and Parliamentary Studies
909 _a64754
999 _c64754
_d64754